10 Largest Country And There Language in Asia - Statistics

General Stats
  • This quiz has been taken 20 times
  • The average score is 10 of 10
Answers on the Map
Answers color-coded by a green-red scale on the quiz's map according to % correct below.
 
Answer Stats
Sq.km Language Asia Countries % Correct
1,472,639 Malay/Indonesian Indonesia
100%
769,630 Burmese Myanmar
100%
2,149,690 Arabic Saudi Arabia
100%
9,596,961 Chinese China
94%
3,287,263 Hindi India
94%
1,648,195 Persian Iran
94%
2,455,034 Kazakh Kazakhstan
94%
1,564,110 Mongolian Mongolia
94%
747,272 Turkish Turkey
94%
796,095 Urdu Pakistan
89%
No matching quizzes found
Score Distribution
Percent of People with Each Score
Percentile by Number Answered
Your Score History
You have not taken this quiz